| 000 | 00916nam a22002417a 4500 | ||
|---|---|---|---|
| 999 |
_c21132 _d21132 |
||
| 003 | AR-CdUCM | ||
| 008 | 190410b ||||| |||| 00| 0 spa d | ||
| 020 | _a9786124762208 | ||
| 040 |
_aMUNICIPALIDAD PROVINCIAL DEL CUSCO _cBIBLIOTECA MUNICIPAL DEL CUSCO |
||
| 082 |
_a869.56 / B23 _bB23 |
||
| 100 |
_aBarham Ode, Walid _931017 |
||
| 245 |
_aBóveda Inka : _bNovela etnohistórica / _cWalid Barham Ode |
||
| 260 |
_aCusco : _bPumaruna, _c2018. |
||
| 300 |
_a398 páginas ; _bIlustraciones, _c20 cm. |
||
| 505 | _aContenido: Khipu Inkarri -- Primeros actos político religiosos y acontecimientos personales del Inka Wayna Qhapaq -- visión Pariacaca -- consejo real de estos reinos inkas ... | ||
| 650 |
_aRealismo mítico _931018 |
||
| 650 |
_aPitusiray _931019 |
||
| 650 |
_aSahuasiray _931020 |
||
| 650 |
_aNovela andina _944098 |
||
| 650 |
_aLiteratura andina _915188 |
||
| 942 |
_2ddc _cLIBROS |
||
| 945 | _aRoel | ||